000 00320nam a2200109Ia 4500
008 160531s9999 xx 000 0 und d
100 _aBetts, J.
245 _aAnatomy and Physiology
245 _cby J. Betts
260 _c2013
856 _uhttp://cnx.org/contents/FPtK1zmh@8.25:raNQgZ7E@3/Overview-of-Anatomy-and-Physio
999 _c295385
_d295385